Mini Paint-By-Numbers V Quiz Stats

 Plays Quiz Updated Mar 19, 2020

Support Sporcle.
Go Orange.
Score 0/58 Timer 05:00
6 Plays Today
% Correct
???
90.4%
???
90.4%
???
90.2%
???
90.2%
???
89.9%
???
89.5%
???
89.3%
???
89%
???
88.7%
???
88.7%
???
84%
???
83.2%
???
82.9%
???
82.6%
???
82.3%
???
82.1%
???
81.7%
???
81.7%
???
81.6%
???
81.3%
???
80.7%
???
80.6%
???
80.6%
???
80.3%
???
80.1%
???
80%
???
79.9%
???
77.9%
???
76.6%
% Correct
???
76.5%
???
76.5%
???
75.7%
???
75.6%
???
74.6%
???
74.6%
???
74.5%
???
74.3%
???
74.1%
???
73.8%
???
72.8%
???
70.1%
???
70%
???
69.8%
???
69.7%
???
69.4%
???
68.8%
???
68.7%
???
68.7%
???
68.3%
???
68.2%
???
67.6%
???
67.6%
???
67.5%
???
66.9%
???
66.9%
???
66.6%
???
66%
???
65%

You're not logged in!

Compare scores with friends on all Sporcle quizzes.
OR
Log In

From the Vault

We Are Family!

by googlebird

This quiz might be just as tricky as a real family reunion.
Remove Ads.
Support Sporcle.
Get the best of Sporcle when you Go Orange. This ad-free experience offers more features, more stats, and more fun while also helping to support Sporcle. Thank you for becoming a member.

Show Comments

Extras

Top Quizzes Today


Score Distribution

Your Account Isn't Verified!

In order to create a playlist on Sporcle, you need to verify the email address you used during registration. Go to your Sporcle Settings to finish the process.

Report this User

Report this user for behavior that violates our Community Guidelines.

Details: